000 00365nam a2200145Ia 4500
008 230917s9999||||xx |||||||||||||| ||und||
040 _e117895
_aMAIN
041 _aEnglish
082 _a581.192 5 S45I
100 _aSoltis, Douglas E. ED.
245 0 _aIsozymes in plants biology
260 _aLondon
_bChapmen and Hall
_c1989
300 _a268p. p.
942 _cBK
999 _c67590
_d67590